Vzdialené programovanie programovej pamäti pre Arduino

Salvato in:
Dettagli Bibliografici
Autore principale: Onderišin, František (Autore)
Altri autori: Gallo, Ondrej (Relatore della tesi)
Natura: Manoscritto Libro
Lingua:slovacco
Pubblicazione: Bratislava : STU v Bratislave FEI, 2022
Soggetti:
Accesso online:https://opac.crzp.sk/?fn=detailBiblioFormChildISNK1&sid=62A48EA6D8C294D55EC6BB542714&seo=CRZP-detail-kniha
Tags: Aggiungi Tag
Nessun Tag, puoi essere il primo ad aggiungerne!!

MARC

LEADER 00000ntm a22000003a 4500
001 stuzp87492
003 SK-STU
005 20230207133757.7
007 ta
008 150427s2015----xo-----f-mn---000-0-slo-d
040 |a STU  |b slo 
041 0 |a slo 
044 |a xo 
100 1 |a Onderišin, František  |u 035000  |4 aut  |U FEI Fakulta elektrotechniky a informatiky  |T FEI Ústav informatiky a matematiky  |X 86618  |U E050  |Y 816  |7 86618 
242 0 1 |a Remote flash programmer for Arduino  |y eng 
245 1 0 |a Vzdialené programovanie programovej pamäti pre Arduino 
260 |a Bratislava :  |b STU v Bratislave FEI,  |c 2022 
300 |a 75 s., príl. 
650 4 |a Arduino  |2 slo 
650 4 |a Vzdialené programovanie  |2 slo 
650 4 |a Bootloader  |2 slo 
650 4 |a GSM  |2 slo 
650 4 |a Over-the-air programming  |2 eng 
650 4 |a Bootloader  |2 eng 
650 4 |a Arduino  |2 eng 
650 4 |a GSM  |2 eng 
700 1 |a Gallo, Ondrej  |u 035000  |k Z1  |4 ths  |U FEI Fakulta elektrotechniky a informatiky  |T FEI Ústav informatiky a matematiky  |X 27473  |U E050  |Y 816  |7 A000027473 
856 4 |u https://opac.crzp.sk/?fn=detailBiblioFormChildISNK1&sid=62A48EA6D8C294D55EC6BB542714&seo=CRZP-detail-kniha